Cameos on The Simpsons Sudden Death - Statistics

General Stats
  • This quiz has been taken 50 times
  • The average score is 6 of 30
Answers on the Grid
Answers color-coded by a green-red scale on the quiz's grid according to % correct below.
Alec Baldwin
Andre Agassi
Anne Hathaway
Awkwafina
Bob Dylan
Buzz Aldrin
Catherine O'Hara
Christopher Walken
Clint Eastwood
Courtney Love
Dan Rather
Daniel Radcliffe
Danny DeVito
David Copperfield
Demi Moore
Dolly Parton
Drew Barrymore
Elizabeth Taylor
Glenn Close
Hank Williams Jr.
Jane Goodall
Jim Carrey
Julia Louis-Dreyfus
Katy Perry
Kerry Washington
Kristen Bell
Liam Neeson
Matt Groening
Selena Gomez
Seth Rogan
Simon Cowell
Stacy Keach
Stan Lee
Stephen Colbert
Stephen Hawking
Timothy Olyphant
Tom Cruise
'Weird Al' Yankovic
William Shatner
Zooey Deschanel
 
Answer Stats
Answer % Correct
Alec Baldwin
72%
Stephen Hawking
34%
'Weird Al' Yankovic
34%
Andre Agassi
31%
Stan Lee
31%
Anne Hathaway
28%
Buzz Aldrin
28%
Dolly Parton
28%
Matt Groening
28%
Simon Cowell
28%
Danny DeVito
25%
Drew Barrymore
25%
Liam Neeson
22%
Daniel Radcliffe
19%
Elizabeth Taylor
19%
Katy Perry
19%
Glenn Close
16%
Kristen Bell
16%
Awkwafina
13%
Seth Rogan
13%
Dan Rather
6%
Jane Goodall
6%
Zooey Deschanel
6%
David Copperfield
3%
Hank Williams Jr.
3%
Julia Louis-Dreyfus
3%
Stacy Keach
3%
Stephen Colbert
3%
Timothy Olyphant
3%
Kerry Washington
0%
No matching quizzes found
Score Distribution
Percent of People with Each Score
Percentile by Number Answered
Your Score History
You have not taken this quiz